| 000 | 00809na a2200265 4500 | ||
|---|---|---|---|
| 001 | 17336 | ||
| 003 | MIRAKIL | ||
| 005 | 20181213155019.0 | ||
| 008 | 161024b tu 000 0 | ||
| 035 | _a17336 | ||
| 040 |
_aMilas _btur _cTR-AnCHP |
||
| 041 | _atur | ||
| 082 |
_a915.02561 _bT85t 1978 |
||
| 090 | _a915.02561 T85t 1978 | ||
| 100 | _aTunçdilek, Necdet | ||
| 245 |
_aTürkiye'nin kır potansiyeli ve sorunları _cNecdet Tunçdilek |
||
| 260 |
_aİstanbul _bİstanbul Üniversitesi _c1978 |
||
| 300 |
_axvi, 304 s. _bres. _c24 sm. |
||
| 440 |
_aİstanbul Üniversitesi _v2364 |
||
| 490 |
_aCoğrafya Enstitüsü _v96 |
||
| 504 | _aKaynakça var. | ||
| 650 |
_aCoğrafya _xFiziki coğrafya _yKırsal bölgeler _zTürkiye |
||
| 651 |
_aTürkiye _xFiziki coğrafya _ySorunlar |
||
| 942 |
_2dcc _cBKS |
||
| 999 |
_c4813 _d4813 |
||